MARC

LEADER 00000nam0a2200000 4500
001 304894
005 20231102001739.0
035 |a (RuTPU)RU\TPU\book\330153 
090 |a 304894 
100 |a 20150921d1984 km y0rusy50 ca 
101 0 |a rus 
102 |a MD 
105 |a a z 001zy 
200 1 |a Энергетическая структура узкозонных полупроводников  |f В. В. Соболев 
210 |a Кишинев  |c Штиинца  |d 1983 
215 |a 287 с.  |c ил. 
320 |a Библиогр.: с. 237-238 
606 1 |a Шахтные стволы  |x Армирование  |2 stltpush  |3 (RuTPU)RU\TPU\subj\19080  |9 44395 
610 1 |a вертикальные стволы 
610 1 |a технико-экономические показатели 
610 1 |a канатная арматура 
610 1 |a конструктивные элементы 
610 1 |a параметры 
610 1 |a определение 
610 1 |a технология 
610 1 |a подъемные сосуды 
610 1 |a проходка 
610 1 |a техника безопасности 
610 1 |a эксплуатация 
675 |a 622.258  |v 4 
700 1 |a Соболев  |b В. В.  |g Николай Константинович 
801 1 |a RU  |b 63413507  |c 20150921 
801 2 |a RU  |b 63413507  |c 20190214  |g RCR 
942 |c BK